Bulletin Slovenského štatistického úradu
Na minha lista:
| Autor Corporativo: | |
|---|---|
| Formato: | Periódico |
| Idioma: | eslovaco |
| Publicado em: |
Bratislava
Slovenský štatistický úrad
|
| Assuntos: | |
| Tags: |
Sem tags, seja o primeiro a adicionar uma tag!
|
MARC
| LEADER | 00000nas1a22000001 4500 | ||
|---|---|---|---|
| 001 | 0014609 | ||
| 005 | 20221124110403.2 | ||
| 041 | 0 | |a slo | |
| 044 | |a SK | ||
| 245 | 1 | 0 | |a Bulletin Slovenského štatistického úradu |
| 264 | 1 | |a Bratislava |b Slovenský štatistický úrad | |
| 610 | 2 | 0 | |a štatistika |
| 610 | 2 | 0 | |a údaje štatistické |
| 610 | 2 | 0 | |a porovnanie štatistické |
| 710 | 2 | |a Slovenský štatistický úrad | |